Conflict in Central America (Record no. 12571)
[ view plain ]
| 000 -LEADER | |
|---|---|
| fixed length control field | 00476 a2200133 4500 |
| 245 ## - TITLE STATEMENT | |
| Title | Conflict in Central America |
| Remainder of title | : approaches to peace and security |
| Medium | |
| 020 ## - INTERNATIONAL STANDARD BOOK NUMBER | |
| International Standard Book Number | 0312162308 : |
| 650 ## - SUBJECT ADDED ENTRY--TOPICAL TERM | |
| Topical term or geographic name entry element | AMERICAN HISTORY |
| 260 ## - PUBLICATION, DISTRIBUTION, ETC. | |
| Place of publication, distribution, etc. | nyu |
| Name of publisher, distributor, etc. | Published for the International Peace Academy by St. Martin's Press |
| Date of publication, distribution, etc. | 1986 |
| 084 ## - | |
| -- | F1439.5 .C65 1986 |
| 300 ## - PHYSICAL DESCRIPTION | |
| Extent | xiv, 208 p. : map |
| Other physical details | 23 cm. |
| Dimensions | xiv, 208 p. : map ; 23 cm. |
| 500 ## - GENERAL NOTE | |
| General note | edited by Jack Child. |
No items available.